000 01386nam a2200361 i 4500
001 000016476
003 DO-SdBNP
005 20240307073946.0
007 ta
008 100305s1977 dr a 000 0 spa d
040 _aDO-SdBNP
_bspa
_cBNPHU
_erda
082 4 _a460.7
_bE96d
_222
245 0 0 _aExperiencias didacticas /
_cYolanda Fernández de Perdomo, Nora Niva de Fernández, Ana Teresa Pereyra de Torres, Consuelo Aybar de Cruz, Cristina Díaz de Pérez
264 _aSanto Domingo :
_bUASD,
_c1977.
300 _a530 páginas :
_bil.ustraciones ;
_c21 cm.
336 _2rdacontent
_atexto
_btxt
337 _2rdamedia
_asin mediación
_bn
338 _2rdacarrier
_avolumen
_bnc
490 _aPublicaciones de la Universidad Autónoma de Santo Domingo
_v235
490 _aEducación y sociedad
_v3
504 _aBibliografía : p. 525-530
590 _aInventariado, 2018/LP
650 4 _aEspañol
_xComposición y ejercicios
_91362
650 4 _aEspañol
_xGramática
_xEstudio y enseñanza
_9524
700 1 _aFernández de Perdomo, Yolanda
_936686
700 1 _aNivar De Fernández, Nora
_936693
700 1 _aPereyra de Torres, Ana Teresa
_936694
700 1 _aAybar de Cruz, Consuelo
_936689
700 1 _aDíaz de Pérez, Cristina
_936695
710 1 _aUniversidad Autónoma de Santo Domingo
_972951
910 _aValidado. Control de calidad MFF
942 _2ddc
_cLBS1
999 _c16011
_d16011